Acronyme informatique - Statistiques

Statistiques générales
  • Ce quiz a été pris 284 fois
    281 depuis la dernière actualisation
  • Le résultat moyen est 9 sur 77
Statistiques - réponses
acronyme definition % Correct
CMD Command
56%
BD (sql - fr) Base de données
47%
DNS Domain Name System
41%
PC Personnal Computer
39%
IP Internet Protocol
38%
RAM (memoire) Random Access Memory
36%
CLI (interface) Command Line Interface
32%
LAN Local Area Network
32%
OS Operating System
32%
BIOS Basic Input Output System
31%
.txt Text
31%
CPU (composant) Central Processing Unit
29%
ARP Address Resolution Protocol
26%
CC (mail) Copy Carbon
25%
FAI (fr) fournisseur Acces Internet
22%
FTP File Transfert Protocol
21%
WAN Wide Area Network
20%
Bit Binary Digit
17%
ROM (memoire) Read Only Memory
17%
SSD Solid State Drive
16%
Wi-Fi Wireless Fidelity
16%
DHCP Dynamic Host Configuration Protocol
15%
DRAM (memoire) Dynamic Random Access Memory
15%
4G - 5G (un mot - fr/en) Generation
15%
HTTP (HT T P) HyperText Transfert Protocol
15%
USB Universal Serial Bus
14%
HTTPS HyperText Transfert Protocol Secure
13%
GPU (composant) Graphics Processing Unit
12%
SQL Structured Query Language
11%
MAN Metropolitan Area Network
10%
MB (composant) Mother Board
10%
GNU (Gnu's ...) GNU's Not Unix
8%
OSINT Open Source Intelligence
8%
VRAM (memoire) Video Random Access Memory
8%
.pdf Portable Document Format
7%
HDMI High Definition Multimedia Interface
6%
URL Uniform Resource Locator
6%
EPROM (memoire) Erasable Programmable Read Only Memory
5%
MAC (adresse) Media Access Control
5%
.odt OpenDocument
5%
SMB Server Message Block
5%
EEPROM (memoire) Electrically Erasable Programmable Read Only Memory
4%
FQDN Full Qualified Domain Name
4%
UDP (couche 4) User Datagram Protocol
4%
DQL Data Query Language
3%
GIF Graphics Interchange Format
3%
ICMP Internet Control Message Protocol
3%
NetBIOS Network Basic Input Output System
3%
NVRAM (memoire) Non Volatile Random Access Memory
3%
POP (protcol) Post Office Protocol
3%
PROM (memoire) Programmable Read Only Memory
3%
SMTP Simple Mail Transfert Protocol
3%
SRAM (memoire) Static Random Access Memory
3%
DDL (sql) Data Definition Language
2%
GUI (interface) Graphicals User Interface
2%
TLD Top Level Domain
2%
TCP (couche 4) Transport Control Protocol
2%
VGA Video Graphics Array
2%
CLUF (contrat - fr) Contrat License Utilisateur Final
1%
DML (sql) Data Manipulation Language
1%
FCS (trame ethernet) Frame Check Sequence
1%
IEEE Institute of Electrical and Electronics Engineers
1%
IMAP Internet Message Access Protocol
1%
JPEG Joint Photographic Experts Group
1%
MODEM (fr) Modulation Demodulation
1%
OSI Open System Interconnection Model
1%
.png Portable Network Graphics
1%
RJ45 - RJ11 - ... Registered Jack
1%
SFTP SSH File Transfert Protocol
1%
TFTP Trivial File Transfert Protocol
1%
URN Uniform Resource Name
1%
ISO International Organization for Standardization
0%
IANA Internet Assigned Numbers Authority
0%
MUA Mail User Agent
0%
TCP/IP (sans /) Transport Control Protocol Internet Protocol
0%
UNICS (dérivé de UNIX) Uniplexed Information and Computing Service
0%
PDU segment (fr) Unité de Donnée de Protocol
0%
Aucun quiz correspondant
Distribution des résultats
% des personnes avec chaque résultat
Percentile par nombre de réponses
Votre historique - résultats
Vous n’avez pas pris ce quiz depuis la dernière actualisation